| 000 | 01001nam a22002655i 4500 | ||
|---|---|---|---|
| 001 | 166433 | ||
| 003 | ES-MaACL | ||
| 005 | 20250624193310.0 | ||
| 008 | 940206s1861 sp |||| | spa d | ||
| 040 |
_aCAM _bspa |
||
| 100 | 0 |
_aTomás de Aquino _cSanto ( _d1225-1274) _9223573 |
|
| 245 | 1 | 3 |
_aEl gobierno monárquico o sea El libro De Regimine Principum / _cescrito por Santo Tomás de Aquino ; testo [sic] latinos y traducción castellana por León Carbonero y Sol. |
| 260 |
_aSevilla : _bImprenta y librería de D. A. Izquierdo, _c1861. |
||
| 300 |
_aXVI, 520 p. ; _c21 cm. |
||
| 594 | 1 | _aTexto paralelo español-latín. | |
| 650 | 4 |
_aMonarquía. _915143 |
|
| 650 | 4 |
_aRegímenes políticos. _916743 |
|
| 700 | 1 |
_aCarbonero y Sol, León, _d1812-1902 _etrad. _9224394 |
|
| 700 | 1 | 1 |
_aIzquierdo, Antonio, _eimp. _965698 |
| 740 | 3 | _aDe regimene principum. | |
| 752 |
_aEspaña - _d, Sevilla |
||
| 852 |
_aES-MaACL _jD-589 _z-- Enc. hol. |
||
| 999 |
_c166433 _d166433 |
||